Paroles : Vladimir Illitch - Michel Sardou - Statistiques

Statistiques générales
  • Ce quiz a été pris 598 fois
  • Le résultat moyen est 180 sur 237
Statistiques - réponses
Paroles % Correct
il
100%
de
98%
Toi
98%
a
96%
à
96%
Illitch
96%
Le
96%
le
96%
son
96%
tu
96%
Tu
96%
Vladimir
96%
la
95%
Les
94%
les
94%
sont
94%
Un
94%
un
94%
au
93%
des
91%
Des
91%
dans
90%
Dans
90%
ils
90%
en
89%
En
89%
qui
89%
du
88%
si
88%
aux
86%
devenus
86%
fou
86%
ses
85%
ton
85%
pas
84%
sur
84%
es
82%
Lénine
82%
Ou
82%
82%
pour
82%
tous
82%
passé
81%
Sibérie
81%
vent
81%
ces
80%
souffle
80%
wagon
79%
Et
78%
portes
78%
femmes
77%
Quand
77%
qu'on
77%
Bohème
76%
voyagé
76%
cousin
75%
plombé
75%
Pologne
75%
temps
75%
moulins
74%
rien
74%
Rien
74%
une
74%
auto
73%
blindée
73%
colère
73%
pays
73%
as
72%
fidèles
72%
nous
72%
s'est
72%
vois
72%
hommes
71%
ne
71%
Père
71%
relève-toi
71%
Volga
71%
bureaucratie ?
70%
delta
70%
rigoles
70%
Saint
70%
raison
69%
Bénir
68%
gens
68%
mourir
68%
bords
67%
on
67%
passés
67%
t'as
67%
emprisonne
66%
envoie
66%
quel
66%
rêvé
66%
confins
65%
écoulé
64%
bombe
63%
fond
63%
met
63%
prix
62%
Moscou
61%
prophète
61%
quelle
61%
Terre
61%
tiroirs
61%
ciel
60%
s'intéresse
60%
voyant
59%
changé
58%
coeur
58%
connaît
58%
dieu
58%
dois
57%
frissonnes
57%
l'égalité
56%
n'a
56%
plein
56%
soleil
56%
N'ont
55%
damnés
54%
noms
54%
peuple
54%
Puisqu'aucun
54%
Remplis
54%
uniformes
54%
brouillard ?
53%
éternité
53%
moins
53%
sous
53%
avais
52%
chemins
52%
d'outre-tombe
52%
haut
52%
qu'au
52%
superbes
52%
tomber
52%
quartiers
51%
Est-ce
50%
l'enfer
50%
l'espoir
50%
maisons
50%
trouvé
50%
genre
49%
humain
49%
privés
49%
quatre
49%
sortie
49%
Viens
49%
gagner
48%
Niemen
48%
Combien
47%
encore
47%
planète
47%
travers
47%
Amis
46%
nuit
46%
parler
46%
vieillards
46%
faut-il
45%
nouvelle
45%
d'années
44%
répands
37%
Devant
36%
Aucun quiz correspondant
Distribution des résultats
% des personnes avec chaque résultat
Percentile par nombre de réponses
Votre historique - résultats
Vous n’avez pas pris ce quiz